Sports Quiz

Random Sports or Baseball Quiz

MLB Top 5 Innings Pitched of the Last 25 Years Quiz Stats

 Plays Quiz Updated Oct 2, 2018

Score 0/125 Timer 10:00
3 Plays Today
Year Player % Correct
2012Clayton Kershaw
92.8%
2013Clayton Kershaw
92.8%
2015Clayton Kershaw
92.8%
2018Justin Verlander
92.2%
2004Randy Johnson
92.2%
2002Randy Johnson
92.2%
2001Randy Johnson
92.2%
2000Randy Johnson
92.2%
1999Randy Johnson
92.2%
1998Randy Johnson
92.2%
1995Randy Johnson
92.2%
2016Justin Verlander
92.2%
2017Justin Verlander
92.1%
2011Justin Verlander
90%
2009Justin Verlander
90%
2012Justin Verlander
89.6%
2018Max Scherzer
89.1%
2010Felix Hernandez
87.6%
2009Felix Hernandez
87.6%
2012Felix Hernandez
87.3%
2014Felix Hernandez
87.3%
2005Livan Hernandez
87.3%
2004Livan Hernandez
87.3%
2003Livan Hernandez
87.3%
2000Livan Hernandez
87.3%
2016Max Scherzer
85.6%
2016David Price
85.6%
2014David Price
84.7%
2000Greg Maddux
83.9%
1998Greg Maddux
83.9%
1996Greg Maddux
83.9%
1994Greg Maddux
83.9%
2011C.C. Sabathia
83.9%
2010C.C. Sabathia
83.9%
2008C.C. Sabathia
83.9%
2007C.C. Sabathia
83.9%
2017Chris Sale
83.6%
1997Roger Clemens
82.6%
2010Roy Halladay
82.5%
2009Roy Halladay
82.5%
2008Roy Halladay
82.5%
2007Roy Halladay
82.5%
Year Player % Correct
2003Roy Halladay
82.5%
2002Roy Halladay
82.5%
2016Chris Sale
82%
2002Curt Schilling
80.6%
2001Curt Schilling
80.6%
1998Curt Schilling
80.6%
1997Curt Schilling
80.6%
2000Tom Glavine
80.5%
1999Tom Glavine
80.5%
2018Corey Kluber
79.4%
2018Jacob deGrom
79.2%
2015Max Scherzer
79.2%
2006John Smoltz
78.2%
1997John Smoltz
78.2%
1996John Smoltz
78.2%
2017Ervin Santana
77.5%
2009Cliff Lee
75.9%
2016Madison Bumgarner
75.7%
2011Chris Carpenter
75.2%
2010Chris Carpenter
75.2%
2005Chris Carpenter
75.2%
2013Cliff Lee
74.8%
2017Carlos Martinez
74.2%
2009Adam Wainwright
74%
2013Adam Wainwright
73.3%
2008Johan Santana
71.8%
2006Johan Santana
71.8%
2015Jake Arrieta
70.7%
2014Corey Kluber
69.2%
2015Corey Kluber
69.2%
2003Barry Zito
67.7%
2014Johnny Cueto
64.9%
2008Cole Hamels
63.6%
2015Dallas Keuchel
63.3%
2005Roy Oswalt
62.7%
2004Roy Oswalt
62.7%
2008Tim Lincecum
62.4%
2003Tim Hudson
60.6%
2002Tim Hudson
60.6%
2001Tim Hudson
60.6%
1995Mike Mussina
60.3%
2011James Shields
59.2%
Year Player % Correct
2013James Shields
58%
2014James Shields
58%
2012James Shields
58%
2018Aaron Nola
56.8%
1995David Cone
55.8%
2012R.A. Dickey
54.9%
2013R.A. Dickey
54.9%
2007Brandon Webb
53.4%
2006Brandon Webb
53.4%
2005Mark Buehrle
52.9%
2004Mark Buehrle
52.9%
2002Mark Buehrle
52.9%
1999Kevin Brown
48.1%
1998Kevin Brown
48.1%
2003Bartolo Colon
46.9%
2005Dontrelle Willis
42.3%
2006Bronson Arroyo
40.1%
1995Jack McDowell
40.1%
1994Jack McDowell
40.1%
2004Ben Sheets
40%
2011Dan Haren
34.7%
2010Dan Haren
34.7%
2007Aaron Harang
31.4%
2006Aaron Harang
31.4%
2001Freddy Garcia
29.7%
1997Pat Hentgen
29.6%
1996Pat Hentgen
29.6%
1994Chuck Finley
28.7%
2017Jeff Samardzija
26.2%
1999Mike Hampton
24.2%
1996Alex Fernandez
23.4%
1994Danny Jackson
22.8%
2000Jon Lieber
16.3%
1997Darryl Kile
14.9%
1999Jose Lima
14.2%
2001Chan Ho Park
13.6%
1998Scott Erickson
12.6%
1996Ken Hill
10.5%
2007Joe Blanton
10.3%
1995Mark Gubicza
9.9%
1994Cal Eldred
7.4%

You're not logged in!

Compare scores with friends on all Sporcle quizzes.
OR
Log In

Show Comments

Extras

Top Quizzes Today


Score Distribution

Your Account Isn't Verified!

In order to create a playlist on Sporcle, you need to verify the email address you used during registration. Go to your Sporcle Settings to finish the process.

Report this User

Report this user for behavior that violates our Community Guidelines.

Details: